[Event "SVK-chT4 A21 2223"]
[Site "Slovakia"]
[Date "2023.03.26"]
[Round "11.2"]
[White "Skreko, Jan"]
[Black "Sefcik, Oliver"]
[Result "0-1"]
[WhiteElo "1492"]
[BlackElo "1343"]
[PlyCount "134"]
[EventDate "2022.10.09"]
[EventType "team-tourn"]
[EventRounds "11"]
[EventCountry "SVK"]
[SourceTitle "EXT 2024"]
[Source "ChessBase"]
[SourceDate "2023.10.10"]
[SourceVersion "1"]
[SourceVersionDate "2023.10.10"]
[SourceQuality "1"]
[WhiteTeam "Smolenice"]
[BlackTeam "Holic II"]
[WhiteTeamCountry "SVK"]
[BlackTeamCountry "SVK"]

1. d4 d5 2. c4 dxc4 3. Nc3 Nf6 4. Nf3 Bf5 5. Bf4 e6 6. e3 Be7 7. Bxc4 c6 8. 0-0 0-0 9. Re1 Ne4 10. Nxe4 Bxe4 11. Bd3 Qd5 12. Bxe4 Qxe4 13. Qb3 b6 14. Rac1 Nd7 15. Red1 Rfd8 16. Nd2 Qd5 17. Qxd5 cxd5 18. Rc7 b5 19. Rb7 a6 20. Rc1 Kf8 21. Rcc7 Ke8 22. Nb3 Rac8 23. Kf1 Rxc7 24. Rxc7 g5 25. Bg3 h5 26. h3 Ra8 27. Na5 Bd8 28. Nb3 Bxc7 29. Bxc7 Rc8 30. Ba5 f6 31. Bc3 Kf7 32. Ke2 e5 33. f3 Ke6 34. a3 exd4 35. Nxd4+ Kf7 36. Nf5 Rc6 37. Ng3 Kg6 38. Kd3 Rc4 39. Ne2 Ne5+ 40. Kd2 Rc8 41. Nd4 Re8 42. Ke2 Nc4 43. Nc2 f5 44. Bd4 f4 45. b3 Na5 46. b4 Nc4 47. Kd3 fxe3 48. Nxe3 Nxe3 49. Bxe3 Kf5 50. Kd4 h4 51. Kd3 Rc8 52. Bc5 Kf4 53. Bd6+ Kf5 54. Bc5 Rd8 55. Bf2 d4 56. Bg1 Ke5 57. Bh2+ Kd5 58. Bg1 Ke5 59. Bh2+ Kf5 60. Bg1 Rc8 61. Bxd4 Rd8 62. Ke3 Rxd4 63. Kxd4 Kf4 64. Kd5 Kg3 65. Ke5 Kxg2 66. Kf5 Kxh3 67. Kxg5 Kg3 0-1

[Event "SVK-chT5 SE-SI 1920"]
[Site "Slovakia"]
[Date "2020.06.27"]
[Round "10.2"]
[White "Visvader, Kristof"]
[Black "Sefcik, Oliver"]
[Result "1/2-1/2"]
[WhiteElo "1439"]
[BlackElo "1183"]
[PlyCount "48"]
[EventDate "2019.10.19"]
[EventType "team-tourn"]
[EventRounds "14"]
[EventCountry "SVK"]
[SourceTitle "EXT 2022"]
[Source "ChessBase"]
[SourceDate "2021.10.06"]
[SourceVersion "1"]
[SourceVersionDate "2021.10.06"]
[SourceQuality "1"]
[WhiteTeam "Borsky Mikulas"]
[BlackTeam "Holic III"]
[WhiteTeamCountry "SVK"]
[BlackTeamCountry "SVK"]

1. e4 d5 2. exd5 Qxd5 3. Nc3 Qa5 4. d4 c6 5. Nf3 Nf6 6. Bd2 Bg4 7. Ne4 Qd8 8. Nxf6+ exf6 9. c3 Be7 10. Qb3 Qc8 11. Bc4 Be6 12. Bxe6 Qxe6+ 13. Qxe6 fxe6 14. 0-0-0 Kf7 15. Rhe1 Re8 16. Re2 Nd7 17. Rde1 Bd6 18. h3 Nf8 19. Kc2 Ng6 20. b4 b5 21. g3 a5 22. a3 a4 23. Kd3 Rad8 24. Kc2 Bc7 1/2-1/2

[Event "SVK-chT5 SE-SI 1920"]
[Site "Slovakia"]
[Date "2019.12.07"]
[Round "4.3"]
[White "Sefcik, Oliver"]
[Black "Mraz, Jan"]
[Result "0-1"]
[WhiteElo "1183"]
[BlackElo "1636"]
[PlyCount "102"]
[EventDate "2019.10.19"]
[EventType "team-tourn"]
[EventRounds "14"]
[EventCountry "SVK"]
[SourceTitle "CBM 194 Extra"]
[Source "ChessBase"]
[SourceDate "2020.03.31"]
[SourceVersion "1"]
[SourceVersionDate "2020.03.31"]
[SourceQuality "1"]
[WhiteTeam "Holic III"]
[BlackTeam "Jabuca Petrova Ves Gbely V"]
[WhiteTeamCountry "SVK"]
[BlackTeamCountry "SVK"]

1. e4 b6 2. Bc4 e6 3. d4 Bb7 4. f3 g6 5. Ne2 Bg7 6. Nbc3 Ne7 7. d5 e5 8. 0-0 d6 9. Be3 Nd7 10. Qd2 Nf6 11. f4 Ng4 12. fxe5 Nxe5 13. Bb3 0-0 14. Bh6 Ba6 15. Bxg7 Kxg7 16. Rf2 Bxe2 17. Nxe2 Ng8 18. Qf4 Nh6 19. h3 g5 20. Qg3 Kh8 21. Raf1 Rg8 22. Rf6 Rg6 23. Rxg6 Nxg6 24. Nd4 Qe7 25. Re1 Qe5 26. Qxe5+ Nxe5 27. c3 g4 28. h4 Rf8 29. Rf1 g3 30. Ne6 Rc8 31. Ng5 Re8 32. Bd1 Re7 33. Bh5 Kg7 34. Nf3 Ng6 35. Ng5 Nxh4 36. Nf3 Rxe4 37. Nxh4 Rxh4 38. Bf3 Rf4 39. Re1 Rf5 40. Re7 Re5 41. Rxe5 dxe5 42. Kf1 f5 43. c4 Kf6 44. Ke1 Nf7 45. Kd2 e4 46. Bd1 Ke5 47. b3 Kd4 48. Bh5 Nd6 49. Bd1 b5 50. cxb5 Nxb5 51. Bc2 h5 0-1

[Event "SVK-chT5 SE-SI 1920"]
[Site "Slovakia"]
[Date "2019.11.02"]
[Round "2.3"]
[White "Nater, Nikolas"]
[Black "Sefcik, Oliver"]
[Result "1-0"]
[WhiteElo "1285"]
[BlackElo "1183"]
[PlyCount "51"]
[EventDate "2019.10.19"]
[EventType "team-tourn"]
[EventRounds "14"]
[EventCountry "SVK"]
[SourceTitle "CBM 193 Extra"]
[Source "ChessBase"]
[SourceDate "2020.01.31"]
[SourceVersion "1"]
[SourceVersionDate "2020.01.31"]
[SourceQuality "1"]
[WhiteTeam "Senica CVC III"]
[BlackTeam "Holic III"]
[WhiteTeamCountry "SVK"]
[BlackTeamCountry "SVK"]

1. e4 e6 2. Nc3 d5 3. exd5 exd5 4. d4 c6 5. Bf4 Bd6 6. Bxd6 Qxd6 7. Bd3 Nf6 8. Nf3 0-0 9. Qd2 Re8+ 10. Ne5 Ng4 11. 0-0-0 Nxe5 12. dxe5 Rxe5 13. Rhe1 Be6 14. f4 Rxe1 15. Rxe1 f6 16. g3 Nd7 17. Re3 d4 18. Re1 dxc3 19. Bxh7+ Kxh7 20. Qxd6 cxb2+ 21. Kxb2 Nf8 22. Rxe6 Nxe6 23. Qxe6 Rd8 24. h4 Rd2 25. Kc3 Rg2 26. Qe4+ 1-0

[Event "SVK-chT5 SE-SI 1617"]
[Site "Slovakia"]
[Date "2017.02.18"]
[Round "7.4"]
[White "Fajtakova, Silvia"]
[Black "Sefcik, Oliver"]
[Result "0-1"]
[WhiteElo "1281"]
[BlackElo "1079"]
[PlyCount "114"]
[EventDate "2016.10.15"]
[EventType "team-tourn"]
[EventRounds "9"]
[EventCountry "SVK"]
[SourceTitle "EXT 2020"]
[Source "ChessBase"]
[SourceDate "2019.10.17"]
[SourceVersion "1"]
[SourceVersionDate "2019.10.17"]
[SourceQuality "1"]
[WhiteTeam "Stefanov II"]
[BlackTeam "Holic IV"]
[WhiteTeamCountry "SVK"]
[BlackTeamCountry "SVK"]

1. e4 e6 2. d4 d5 3. exd5 exd5 4. Nf3 Nc6 5. Bb5 Nge7 6. 0-0 g6 7. Re1 Be6 8. Ng5 Qd7 9. Qe2 Bg7 10. c3 Bf5 11. b3 0-0 12. Bxc6 Nxc6 13. Bd2 Rfe8 14. Qf1 Rxe1 15. Bxe1 Re8 16. Nd2 Qe7 17. Ngf3 a6 18. b4 Na7 19. a4 c6 20. Nb3 Nc8 21. Nc5 b6 22. Nxa6 Nd6 23. b5 cxb5 24. axb5 Ra8 25. Bd2 Bd7 26. Re1 Qd8 27. Nb4 Bxb5 28. Nd3 Ne4 29. Re3 Bh6 30. Re1 Nxd2 31. Nxd2 Bxd2 32. Rd1 Bxc3 33. Qe2 Bxd4 34. Qg4 Qf6 35. Qg3 Bxd3 36. Qf3 Be4 37. Qxf6 Bxf6 38. f3 Bf5 39. Rxd5 Rb8 40. Rd6 b5 41. Rxf6 b4 42. Kf2 b3 43. Rd6 b2 44. Rd1 b1Q 45. Rxb1 Rxb1 46. Kg3 g5 47. h4 gxh4+ 48. Kxh4 Kg7 49. g4 Bxg4 50. fxg4 Kg6 51. g5 f6 52. gxf6 Kxf6 53. Kh5 Kf5 54. Kh6 Rg1 55. Kxh7 Kf6 56. Kh8 Kf7 57. Kh7 Rh1# 0-1

[Event "SVK-chT5 1516"]
[Site "Slovakia"]
[Date "2016.01.16"]
[Round "5.4"]
[White "Volek, Vladimir"]
[Black "Sefcik, Oliver"]
[Result "0-1"]
[WhiteElo "1000"]
[BlackElo "1000"]
[PlyCount "116"]
[EventDate "2015.10.24"]
[EventType "team-tourn"]
[EventRounds "9"]
[EventCountry "SVK"]
[SourceTitle "EXT 2017"]
[Source "ChessBase"]
[SourceDate "2016.10.25"]
[SourceVersion "1"]
[SourceVersionDate "2016.10.25"]
[SourceQuality "1"]
[WhiteTeam "Gbely Nafta V"]
[BlackTeam "Holic III"]
[WhiteTeamCountry "SVK"]
[BlackTeamCountry "SVK"]

1. e4 e6 2. Nc3 d5 3. f3 c5 4. Bb5+ Bd7 5. Bxd7+ Nxd7 6. Nh3 Ne5 7. d3 d4 8. Bg5 f6 9. Bh4 dxc3 10. bxc3 Ne7 11. d4 Nd7 12. dxc5 Nxc5 13. Qxd8+ Rxd8 14. Rd1 Nc6 15. Rxd8+ Nxd8 16. 0-0 Be7 17. Bf2 0-0 18. Bxc5 Bxc5+ 19. Kh1 Nc6 20. Nf4 Re8 21. h3 e5 22. Nd3 Bb6 23. f4 Ba5 24. fxe5 Nxe5 25. Nf4 Bxc3 26. Nh5 Ng6 27. Rf3 Rxe4 28. Rxc3 Re1+ 29. Kh2 Ra1 30. Rc8+ Kf7 31. Rc7+ Kf8 32. Nxg7 Re1 33. Rxb7 Re7 34. Rxe7 Nxe7 35. Ne6+ Kf7 36. c4 Kxe6 37. Kg3 Nc6 38. Kh4 Ne5 39. c5 Kd5 40. Kh5 Nf7 41. c6 Kxc6 42. g4 Kb5 43. h4 Kb4 44. g5 fxg5 45. hxg5 Nxg5 46. Kxg5 Ka3 47. Kf4 Kxa2 48. Ke3 h5 49. Kf3 a5 50. Kg3 Kb2 51. Kh4 a4 52. Kxh5 a3 53. Kg4 a2 54. Kh5 a1Q 55. Kg5 Qa4 56. Kf5 Qd4 57. Kg5 Qe4 58. Kh5 Qg2 0-1